Polish Airports by International Code - Statistics

General Stats
  • This quiz has been taken 70 times
  • The average score is 13 of 15
Answer Stats
International Code (IATA) Airport % Correct
GDN Gdańsk
98%
KRK Kraków-Balice
98%
WMI Warsaw-Modlin
98%
WAW Warsaw/Okęcie
98%
KTW Katowice
95%
POZ Poznań-Ławica
95%
WRO Wrocław
95%
LUZ Lublin
85%
BZG Bydgoszcz
79%
LCJ Łódź
77%
RDO Radom
77%
RZE Rzeszów-Jasionska
77%
SZZ Szczecin-Goleniów
77%
IEG Zielona Góra-Babimost
64%
SZY Olsztyn-Mazury
62%
No matching quizzes found
Score Distribution
Percent of People with Each Score
Percentile by Number Answered
Your Score History
You have not taken this quiz